<?xml version="1.0" encoding="UTF-8"?>
<collection xmlns="http://www.loc.gov/MARC21/slim">
 <record>
  <leader>01629nam a2200241 a 4500</leader>
  <controlfield tag="001">TVCDKTCT2903</controlfield>
  <controlfield tag="003">Thư viện trường Cao đẳng Kỹ thuật Cao Thắng</controlfield>
  <controlfield tag="005">20050831000000</controlfield>
  <controlfield tag="008">050831</controlfield>
  <datafield tag="980" ind1="\" ind2="\">
   <subfield code="a">Thư viện Trường CĐ Kỹ Thuật Cao Thắng</subfield>
  </datafield>
  <datafield tag="024" ind1=" " ind2=" ">
   <subfield code="a">RG_1 #1 eb0 i1</subfield>
  </datafield>
  <datafield tag="041" ind1="0" ind2="#">
   <subfield code="a">vie</subfield>
  </datafield>
  <datafield tag="082" ind1="#" ind2="#">
   <subfield code="a">621.3 / </subfield>
   <subfield code="b">L250V_g</subfield>
  </datafield>
  <datafield tag="100" ind1="1" ind2="#">
   <subfield code="a">Lê Hoàng Vinh</subfield>
  </datafield>
  <datafield tag="245" ind1="0" ind2="0">
   <subfield code="a">Giáo trình môn học PLC  Mitsubishi programmable controllers /</subfield>
   <subfield code="c">Lê Hoàng Vinh, ...[et al.]</subfield>
  </datafield>
  <datafield tag="260" ind1="#" ind2="#">
   <subfield code="a">Tp.HCM :</subfield>
   <subfield code="b">Trường Cao Đẳng Công nghiệp IV ,</subfield>
   <subfield code="c">2004</subfield>
  </datafield>
  <datafield tag="300" ind1="#" ind2="#">
   <subfield code="a">117tr. ;</subfield>
   <subfield code="c">27cm</subfield>
  </datafield>
  <datafield tag="520" ind1="#" ind2="#">
   <subfield code="a">Cung cấp một số khía cạnh của bộ điều khiển tự động (PLC) dựa trên quá trình tìm hiểu về bộ PLC FX1N thuộc họ FX của hãng Mitsubishi Electric. Qua đó, giúp sinh viên, học sinh có những khái niệm cơ bản về tự động hóa dùng PLC trong công nghiệp, trình bày một số lệnh cơ bản chủ yếu về tập lệnh PLC. Cụ thể: Giới thiệu tổng quan về PLC; Các thiết bị và lệnh cơ bản; Kỹ thuật lập trình Step Ladder; Sử dụng phần mềm FXGP-WIN E; Sử dụng phần mềm FX-TRN-BEG E; Lựa chọn, lắp đặt và kiểm tra, bảo trì hệ thống PLC.</subfield>
  </datafield>
  <datafield tag="650" ind1="#" ind2="4">
   <subfield code="a">Giáo trình môn học PLC</subfield>
  </datafield>
  <datafield tag="650" ind1="#" ind2="4">
   <subfield code="a">Mitsubishi programmable Controllers</subfield>
  </datafield>
  <datafield tag="700" ind1="0" ind2="#">
   <subfield code="a">Đào Duy Khương</subfield>
  </datafield>
  <datafield tag="700" ind1="0" ind2="#">
   <subfield code="a">Võ Thị Ánh Tuyết</subfield>
  </datafield>
  <datafield tag="700" ind1="0" ind2="#">
   <subfield code="a">Trần Thị Thu Thủy</subfield>
  </datafield>
 </record>
</collection>
